000 00321 a2200157 4500
001 61107
020 _a8508047339
040 _cAnchieta - Pituba
100 _aTavares, Kátia
240 1 0 _aPassword
_lIng
245 1 0 _aPassword
300 _a48
362 0 _a1997
650 4 _aInglês e inglês antigo
942 _cBK
999 _c61107
_d61107